|
|
|
|
| LEADER |
01184nam a2200337 4500 |
| 001 |
on1055210305 |
| 003 |
OCoLC |
| 005 |
20200326101155.0 |
| 006 |
m o d |
| 007 |
cr cnu---unuuu |
| 008 |
181001s2018 mau ob 001 0 eng d |
| 040 |
|
|
|a GZM
|b eng
|e rda
|c GZM
|d OPELS
|d OCLCF
|d GrThAP
|
| 020 |
|
|
|a 9780128151716
|
| 020 |
|
|
|a 0128151714
|
| 035 |
|
|
|a (OCoLC)1055210305
|
| 050 |
|
4 |
|a SB91
|
| 082 |
0 |
4 |
|a 630
|2 23
|
| 245 |
0 |
0 |
|a Advances in agronomy.
|n Volume 152 /
|c edited by Donald L. Sparks.
|
| 250 |
|
|
|a First edition.
|
| 264 |
|
1 |
|a Cambridge, MA :
|b Elsevier,
|c 2018.
|
| 300 |
|
|
|a 1 online resource.
|
| 336 |
|
|
|a text
|b txt
|2 rdacontent
|
| 337 |
|
|
|a computer
|b c
|2 rdamedia
|
| 338 |
|
|
|a online resource
|b cr
|2 rdacarrier
|
| 504 |
|
|
|a Includes bibliographical references and index.
|
| 588 |
|
|
|a Description based on online resource; title from home page (viewed Oct. 1, 2018).
|
| 650 |
|
0 |
|a Agriculture
|x Research.
|
| 650 |
|
7 |
|a Agriculture
|x Research.
|2 fast
|0 (OCoLC)fst00801593
|
| 655 |
|
4 |
|a Electronic books.
|
| 700 |
1 |
|
|a Sparks, Donald L.,
|e editor.
|
| 856 |
4 |
0 |
|3 ScienceDirect
|u https://www.sciencedirect.com/science/bookseries/00652113/152
|z Full Text via HEAL-Link
|